Statistiques concernant Noms des Unités de l'Armée

Cliquez ici pour prendre le quiz!

Statistiques générales

  • Ce quiz a été pris 16 fois
  • Le résultat moyen est 4 sur 8

Statistiques - réponses

# SoldatsCommandantUnité% Correct
100,000+GénéralArmée
88%
3,000 - 5,000Brigadier GénéralBrigade
63%
6,000 - 20,000Majeur GénéralDivision
63%
1,000 - 3,000ColonelRégiment
50%
300 - 1,000Lieutenant ColonelBataillon
44%
80 - 250CapitaineCompagnie
44%
26 - 55LieutenantSection
44%
20,000 - 50,000Lieutenant GénéralCorps
38%

Distribution des résultats

Percentile par nombre de réponses

% des personnes avec chaque résultat

Votre développement - résultats

Vous n’avez pas pris ce quiz